[Event "AUTO-ADV-4909"]
[Site "http://www.queenalice.com/game.php?id=1867258"]
[Date "2025.12.19"]
[Round "1"]
[White "juim"]
[Black "maurice916"]
[Result "0-1"]
[WhiteElo "1671"]
[BlackElo "1799"]

1. e4 c6 2. d4 d5 3. e5 Bf5 4. Bd3 Bxd3 5. Qxd3 e6 6. Bf4 c5 7. dxc5 Bxc5 8. Nh3
Nd7 9. Nc3 Ne7 10. O-O O-O 11. a3 a6 12. Na4 Ba7 13. Bg5 f6 14. exf6 gxf6 15.
Be3 b5 16. Bxa7 Rxa7 17. Qd4 Qc7 18. Qg4+ Kf7 19. Nc3 Rg8 20. Qh5+ Kg7 21. Ne2
Qxc2 22. Nef4 Qf5 23. Qe2 e5 24. Qe3 Raa8 25. Rac1 Rae8 26. Ne2 Kh8 27. Rc3 d4
28. Nxd4 Qg6 29. g3 Nd5 30. Qd3 Nxc3 31. Qxg6 Rxg6 32. bxc3 exd4 33. cxd4 Re4
34. d5 Rd4 35. Re1 Rxd5 36. Nf4 Rxg3+ 37. fxg3 Rd2 38. Rc1 Rd6 39. Nh5 h6 40.
Kf2 Rd2+ 41. Kg1 Kh7 42. Rc7 Kg6 43. Nf4+ Kf5 44. Rc6 a5 45. h3 Ne5 46. Ra6 a4
47. Nh5 Nd7 48. Ra8 Kg5 49. Ng7 Kg6 50. Ne6 Rd3 51. Nf4+ Kf5 52. Nxd3 Ke6 53.
Rh8 Kd5 54. Rxh6 Kc4 55. Rh7 Nb6 56. Nf4 b4 57. axb4 Kxb4 58. h4 a3 59. h5 a2
60. Nd3+ Ka3 61. Kg2 a1=Q 62. Kh3 Qh1+ 63. Kg4 Qe4+ 0-1

[Event "AUTO-INT-3946"]
[Site "http://www.queenalice.com/game.php?id=1868379"]
[Date "2026.1.24"]
[Round "2"]
[White "juim"]
[Black "Carlos19"]
[Result "0-1"]
[WhiteElo "1632"]
[BlackElo "1740"]

1. e4 e5 2. d4 Bd6 3. d5 Nf6 4. Bd3 Bc5 5. Nf3 d6 6. O-O h6 7. Nh4 Bg4 8. Qd2
O-O 9. h3 Bh5 10. b4 Bb6 11. Nf5 Bg6 12. Nxh6+ Kh7 13. Nf5 Bxf5 14. exf5 Bd4 15.
c3 Bb6 16. Qg5 Nbd7 17. Kh1 Kg8 18. Qg3 a5 19. b5 Nc5 20. Bh6 g5 21. fxg6 Nh5
22. gxf7+ Kh8 23. Bg7+ Nxg7 24. Qg6 Qh4 25. Be2 Qh7 26. Bh5 Nxh5 27. Qxh7+ Kxh7
28. Na3 Rxf7 29. Nc4 Nd3 30. Ne3 Rxf2 31. Rfd1 Nhf4 32. Ng4 Rc2 33. Rf1 Rxc3 34.
g3 Nxh3 35. Rf7+ Kg8 36. Raf1 Ndf2+ 37. Kg2 Kxf7 38. Nh6+ Kg6 39. Ng8 Rxg8 40.
Kh2 Kh5 41. Kg2 Rcxg3+ 0-1

[Event "AUTO-INT-3946"]
[Site "http://www.queenalice.com/game.php?id=1868380"]
[Date "2026.1.24"]
[Round "2"]
[White "Carlos19"]
[Black "juim"]
[Result "1-0"]
[WhiteElo "1769"]
[BlackElo "1631"]

1. e4 d5 2. e5 d4 3. Nf3 Nc6 4. Bb5 Bd7 5. Bxc6 Bxc6 6. O-O g6 7. d3 Bg7 8. Re1
Qd5 9. a3 e6 10. c3 dxc3 11. Nxc3 Qa5 12. b4 Qa6 13. a4 b5 14. a5 Ne7 15. Nd4
Qb7 16. Nxc6 Qxc6 17. Ne4 O-O 18. d4 Rad8 19. Nc5 Nf5 20. Bb2 Nh4 21. Qg4 Nf5
22. h4 Qd5 23. h5 Nh6 24. Qh4 Qc4 25. Ba3 Rxd4 26. Qg3 Rg4 27. Qd3 Qf4 28. g3
Qg5 29. Re4 Qxh5 30. Kg2 Rxe4 31. Qxe4 Bxe5 32. Nd7 Bxg3 33. Nf6+ Kg7 34. Nxh5+
gxh5 35. Kxg3 Rg8 36. Kh4 Nf5+ 37. Kxh5 Ne7 38. Rd1 Nd5 39. Qd4+ f6 40. Qxa7 Kh8
41. f3 Rd8 42. Kh4 f5 43. Qd4+ Kg8 44. Rg1+ 1-0